|
|
|
|
| LEADER |
01068nam a2200265 a 4500 |
| 001 |
12233626 |
| 008 |
091231s2000 bg a b 101 0 eng d |
| 010 |
|
|
|a 00403247
|
| 040 |
|
|
|a DLC
|c DLC
|d DLC
|d DLC
|d BD-DhAAL
|
| 082 |
0 |
0 |
|a 305.9/0691/095492
|2 21
|
| 245 |
0 |
0 |
|a On the margin :
|b refugees, migrants and minorities /
|c edited by Chowdhury R. Abrar.
|
| 250 |
|
|
|a Ist ed.
|
| 260 |
|
|
|a Dhaka :
|b Refugee and Migratory Movements Research Unit,
|c 2000.
|
| 300 |
|
|
|a 222 p. :
|b ill. ;
|c 22 cm.
|
| 504 |
|
|
|a Includes bibliographical references and index.
|
| 541 |
1 |
|
|e 00007773
|
| 650 |
|
0 |
|a Refugees
|z Bangladesh.
|
| 650 |
|
0 |
|a Refugees
|x Moral and ethical aspects
|z India.
|
| 650 |
|
0 |
|a Immigrants
|z Bangladesh.
|
| 700 |
1 |
|
|a Abrar, Chowdhury Rafiqul.
|
| 710 |
2 |
|
|a Refugee and Migratory Movements Research Unit.
|
| 852 |
4 |
|
|a Ayesha Abed Library
|j General shelf
|
| 942 |
0 |
0 |
|0 1
|
| 999 |
|
|
|c 6650
|d 6650
|
| 952 |
|
|
|0 0
|1 0
|2 ddc
|4 0
|6 305_906910954920000_MAR_2000
|7 0
|9 6813
|a BRACUL
|b BRACUL
|c GEN
|d 2010-01-03
|l 5
|m 19
|o 305.90691095492 MAR
|p 3010007773
|r 2018-12-11
|s 2018-09-30
|t 1
|w 2010-01-03
|y BK
|